000 00866nam a2200253Ia 4500
003 OSt
005 20221005103559.0
006 a|||||r|||| 00| 0
007 ta
008 221004b |||||||| |||| 00| 0 hin d
020 _a9280500481
024 _a23489
037 _cTextual
040 _aCRL
_cCRL
_bhin
041 _2hin
_ahin
082 _aV1:19(O).N86, L8
245 0 _aबर्न कन्वेन्शन की निर्देशिका
_b पेरिस अधिनियम 1971
246 _aBarna kanvenshan kī nirdeshikā: peris adhiniyam 1971
260 _aजिनेवा
_bविश्व बौद्धिक सम्पति प्र0
_c1978
300 _a240चण्
_ccm.
650 _aविश्व-इतिहास
942 _hV1:19(O).N86, L8
_cTEXL
_2cc
999 _c1010338
_d1010338